Oblast Flags of Russia - Statistics

General Stats
  • This quiz has been taken 154 times
    56 since last reset
  • The average score is 25 of 46
Answer Stats
Picture Answer % Correct
Sakhalin
79%
Arkhangelsk
75%
Moscow
75%
Astrakhan
71%
Kaliningrad
71%
Amur
67%
Chelyabinsk
67%
Murmansk
67%
Belgorod
63%
Irkutsk
63%
Ivanovo
58%
Kaluga
58%
Kurgan
58%
Leningrad
58%
Lipetsk
58%
Magadan
58%
Pskov
58%
Bryansk
54%
Kirov
54%
Kostroma
54%
Kursk
54%
Nizhny Novgorod
54%
Novgorod
54%
Novosibirsk
54%
Ryazan
54%
Samara
54%
Tula
54%
Tver
54%
Kemerovo
50%
Omsk
50%
Orenburg
50%
Oryol
50%
Penza
50%
Saratov
50%
Smolensk
50%
Tomsk
50%
Tyumen
50%
Vladimir
50%
Volgograd
50%
Sverdlovsk
46%
Ulyanovsk
46%
Voronezh
46%
Tambov
42%
Yaroslavl
42%
Rostov
33%
Volgda
13%
No matching quizzes found
Score Distribution
Percent of People with Each Score
Percentile by Number Answered
Your Score History
You have not taken this quiz since the last reset